Alkotmányunk történetisége

Elmentve itt :
Bibliográfiai részletek
Szerző: Balogh Elemér
Dokumentumtípus: Könyv része
Megjelent: Iurisperitus Kiadó Szeged 2015
Sorozat:Lectiones Iuridicae
A történeti alkotmánytól az Alaptörvényig
Tárgyszavak:
mtmt:2976467
Online Access:http://publicatio.bibl.u-szeged.hu/36301
LEADER 00703naa a2200217 i 4500
001 publ36301
005 20250318083634.0
008 250318s2015 hu o 000 hun d
020 |a 9786155411304 
024 7 |a 2976467  |2 mtmt 
040 |a SZTE Publicatio Repozitórium  |b hun 
041 |a hun 
100 1 |a Balogh Elemér 
245 1 0 |a Alkotmányunk történetisége  |h [elektronikus dokumentum] /  |c  Balogh Elemér 
260 |a Iurisperitus Kiadó  |b Szeged  |c 2015 
300 |a 4 
300 |a 55-58 
490 0 |a Lectiones Iuridicae 
490 0 |a A történeti alkotmánytól az Alaptörvényig 
650 4 |a Jogtudomány 
856 4 0 |u http://publicatio.bibl.u-szeged.hu/36301/1/Balogh_2015_2.pdf  |z Dokumentum-elérés